LEADER 00995nam0 2200301 450 001 000020457 005 20071204104528.0 010 $a2-905910-89-5 100 $a20070926d1998----km-y0itaa50------ba 101 0 $afre 102 $aFR 200 1 $aPays simple$fWerner Lambersy$gfusains originaux de Jean Claude Pirotte 210 $aSaussines$cCadex Éditions$dc1998 215 $a67 p.$cill.$d22 cm 225 2 $aMarine 410 1$12001$aMarine 676 $a841$v(21. ed.)$9Poesia francese 700 1$aLambersy,$bWerner$0443107 702 1$aPirotte,$bJean-Claude 801 0$aIT$bUniversità della Basilicata - B.I.A.$gRICA$2unimarc 912 $a000020457 996 $aPays simple$985987 997 $aUNIBAS BAS $aLETTERE CAT $aSTD042$b00$c20070926$lBAS01$h1145 CAT $aTTM$b30$c20071204$lBAS01$h1045 FMT Z30 -1$lBAS01$LBAS01$mBOOK$1BASA1$APolo Storico-Umanistico$2FBG$BFondo Belga$3FBel/106228$6106228$5L106228$820071023$f04$FPrestabile Didattica LEADER 00897nam0-2200289 --450 001 9910294057103321 005 20181206135851.0 010 $a978-88-568-0525-3 100 $a20181206d2008----kmuy0itay5050 ba 101 0 $aita 102 $aIT 105 $a 001yy 200 1 $a<>commercianti e i primi anni della Repubblica$e1946-1951$fDavide Baviello$gprefazione di Mario G. Rossi 210 $aMilano$cFrancoAngeli$d2008 215 $a286 p.$cill.$d23 cm 225 1 $aTemi di storia$v129 610 0 $aCommercio$aItalia$a1946-1951 676 $a381.10945$v20$zita 700 1$aBaviello,$bDavide$0471407 702 1$aRossi,$bMario G. 801 0$aIT$bUNINA$gREICAT$2UNIMARC 901 $aBK 912 $a9910294057103321 952 $aCOLLEZ. 2073 (129)$b2982/2018$fFSPBC 959 $aFSPBC 996 $aCommercianti e i primi anni della Repubblica$91539587 997 $aUNINA